It looks like you're offline.
Open Library logo
additional options menu

MARC Record from Scriblio

Record ID marc_records_scriblio_net/part11.dat:168449252:560
Source Scriblio
Download Link /show-records/marc_records_scriblio_net/part11.dat:168449252:560?format=raw

LEADER: 00560nam 2200193 i 4500
001 79320343
003 DLC
005 19800109000000.0
008 791204s1978 enk 00010 eng
010 $a 79320343
015 $aGB79-04587
020 $a0906139015 :$c£2.00
050 0 $aPS3569.T76$bD8
082 $a811/.5/4
100 10 $aStryk, Lucien.
245 14 $aThe duckpond /$c[by] Lucien Stryk.
260 0 $a[Knotting, Eng.] :$bOmphalos Press ;$aLondon :$bJ-Jay Publications,$c1978.
300 $a58 p. ;$c21 cm.
500 $aText on back cover and inside back cover.